000 004830000a22001690004500
003 MACL
005 20151217134025.0
008 151217b xxu||||| |||| 00| 0 eng d
040 _aMACL
_cMACL
041 _aEnglish
082 _a030/CAV
100 _aMarshall Cavendish Corporation
_920715
245 _aThe Changing Balance of Power
_bVol 6 History of Modern World
260 _bMarshall Cavendish Corporation
_c2000
650 _aEncyclopaedia
_920716
942 _cBK
_k030/CAV
_2ddc
999 _c39909
_d39909